Every Song by Styx - Statistics

General Stats
  • This quiz has been taken 48 times
    43 since last reset
  • The average score is 51 of 169
Answer Stats
Album Song % Correct
Pieces of Eight(1978) Renegade
87%
The Grand Illusion(1977) Come Sail Away
84%
Kilroy Was Here(1983) Mr. Roboto
84%
The Grand Illusion(1977) The Grand Illusion
84%
Crystal Ball(1976) Crystal Ball
77%
Pieces of Eight(1978) Blue Collar Man (Long Nights)
71%
Cornerstone(1979) Babe
68%
Paradise Theatre(1981) Rockin' the Paradise
68%
The Grand Illusion(1977) Miss America
65%
Pieces of Eight(1978) Pieces of Eight
65%
Paradise Theatre(1981) Too Much Time on My Hands
65%
Paradise Theatre(1981) The Best of Times
61%
Paradise Theatre(1981) A.D. 1928
58%
Kilroy Was Here(1983) Don't Let It End
58%
Kilroy Was Here(1983) Don't Let It End (Reprise)
58%
Styx II(1973) Lady
58%
Man of Miracles(1974) Man of Miracles
58%
Paradise Theatre(1981) A.D. 1958
55%
Cyclorama(2003) Fooling Yourself (Palm of Your Hands)
55%
The Grand Illusion(1977) Fooling Yourself (The Angry Young Man)
55%
Kilroy Was Here(1983) Heavy Metal Poisoning
55%
Paradise Theatre(1981) Snowblind
55%
Equinox(1975) Suite Madame Blue
55%
Brave New World(1999) Brave New World
52%
Brave New World(1999) Brave New World (Reprise)
52%
Cornerstone(1979) Lights
52%
Equinox(1975) Light Up
52%
Pieces of Eight(1978) Lords of the Ring
52%
Pieces of Eight(1978) Aku-Aku
48%
The Grand Illusion(1977) Castle Walls
48%
Kilroy Was Here(1983) Cold War
48%
Paradise Theatre(1981) Half-Penny, Two-Penny
48%
The Grand Illusion(1977) Man in the Wilderness
48%
Edge of the Century(1990) Show Me the Way
48%
Paradise Theatre(1981) State Street Sadie
48%
The Serpent Is Rising(1973) The Serpent Is Rising
48%
Cornerstone(1979) Boat on the River
45%
Cornerstone(1979) Eddie
45%
Edge of the Century(1990) Edge of the Century
45%
Pieces of Eight(1978) Great White Hope
45%
Kilroy Was Here(1983) Haven't We Been Here Before
45%
Equinox(1975) Lorelei
45%
Paradise Theatre(1981) Nothing Ever Goes as Planned
45%
Pieces of Eight(1978) Queen of Spades
45%
Crash of the Crown(2021) Crash of the Crown
42%
Pieces of Eight(1978) I'm O.K.
42%
Caught in the Act(1984) Music Time
42%
Paradise Theatre(1981) She Cares
42%
Pieces of Eight(1978) Sing for the Day
42%
The Grand Illusion(1977) Superstars
42%
The Grand Illusion(1977) The Grand Finale
42%
Cornerstone(1979) Borrowed Time
39%
Cornerstone(1979) First Time
39%
Cornerstone(1979) Why Me
39%
Styx(1972) Best Thing
35%
Equinox(1975) Born for Adventure
35%
Kilroy Was Here(1983) High Time
35%
Crystal Ball(1976) Mademoiselle
35%
Crystal Ball(1976) Put Me On
35%
Edge of the Century(1990) Carrie Ann
32%
Return to Paradise(1997) Dear John
32%
Crystal Ball(1976) Jennifer
32%
Kilroy Was Here(1983) Just Get Through This Night
32%
Edge of the Century(1990) Love Is the Ritual
32%
Equinox(1975) Midnight Ride
32%
Styx II(1973) You Need Love
32%
Kilroy Was Here(1983) Double Life
29%
Paradise Theatre(1981) Lonely People
29%
Edge of the Century(1990) Love at First Sight
29%
Cornerstone(1979) Never Say Never
29%
Return to Paradise(1997) Paradise
29%
Crystal Ball(1976) Ballerina
26%
Cyclorama(2003) Captain America
26%
Styx(1972) Children of the Land
26%
The Mission(2017) Gone Gone Gone
26%
Brave New World(1999) Heavy Water
26%
Brave New World(1999) High Crimes & Misdemeanors (Hip Hop-Cracy)
26%
Brave New World(1999) I Will Be Your Witness
26%
Cyclorama(2003) Kiss Your Ass Goodbye
26%
The Serpent Is Rising(1973) Krakatoa
26%
The Mission(2017) Mission to Mars
26%
Equinox(1975) Mother Dear
26%
Styx(1972) Mother Nature's Matinee
26%
Equinox(1975) Prelude 12
26%
Crystal Ball(1976) Shooz
26%
Styx(1972) Street Collage
26%
Pieces of Eight(1978) The Message
26%
Crystal Ball(1976) This Old Man
26%
Styx II(1973) A Day
23%
The Serpent Is Rising(1973) As Bad as This
23%
Cyclorama(2003) Bourgeois Pig
23%
Cyclorama(2003) Do Things My Way
23%
Cyclorama(2003) Fields of the Brave
23%
Brave New World(1999) Goodbye Roseland
23%
The Serpent Is Rising(1973) Jonas Psalter
23%
Cornerstone(1979) Love in the Midnight
23%
Cyclorama(2003) More Love for the Money
23%
Cyclorama(2003) One with Everything
23%
The Serpent Is Rising(1973) Plexiglas Toilet
23%
Styx(1972) Quick Is the Beat of My Heart
23%
The Mission(2017) Trouble at the Big Show
23%
Cyclorama(2003) Waiting for Our Time
23%
Brave New World(1999) What Have They Done to You
23%
The Serpent Is Rising(1973) Witch Wolf
23%
Cyclorama(2003) Yes I Can
23%
The Serpent Is Rising(1973) Young Man
23%
Edge of the Century(1990) All in a Day's Work
19%
Man of Miracles(1974) A Song for Suzanne
19%
One with Everything: Styx and the Contemporary Youth Orchestra(2006) Everything All the Time
19%
Brave New World(1999) Everything Is Cool
19%
Cyclorama(2003) Genki Desu Ka
19%
The Mission(2017) Khedive
19%
Cyclorama(2003) Killing the Thing That You Love
19%
Brave New World(1999) Number One
19%
Return to Paradise(1997) On My Way
19%
The Mission(2017) Radio Silence
19%
Cyclorama(2003) These Are the Times
19%
Cyclorama(2003) Together
19%
The Serpent Is Rising(1973) Winner Take All
19%
Non-Album(2009) Can't Stop Rockin'
16%
Man of Miracles(1974) Golden Lark
16%
Edge of the Century(1990) Homewrecker
16%
Equinox(1975) Lonely Child
16%
The Mission(2017) Red Storm
16%
Man of Miracles(1974) Rock & Roll Feeling
16%
Brave New World(1999) While There's Still Time
16%
Edge of the Century(1990) World Tonite
16%
The Serpent Is Rising(1973) 22 Years
13%
Crash of the Crown(2021) A Monster
13%
Edge of the Century(1990) Back to Chicago
13%
Brave New World(1999) Best New Face
13%
Man of Miracles(1974) Christopher, Mr. Christopher
13%
Brave New World(1999) Fallen Angel
13%
Styx II(1973) Father O.S.A.
13%
Man of Miracles(1974) Havin' a Ball
13%
Brave New World(1999) Just Fell In
13%
The Mission(2017) Locomotive
13%
Crash of the Crown(2021) Lost at Sea
13%
Crash of the Crown(2021) Reveries
13%
Crash of the Crown(2021) Sound the Alarm
13%
Man of Miracles(1974) Southern Woman
13%
The Serpent Is Rising(1973) The Grove of Eglantine
13%
The Mission(2017) Time May Bend
13%
Styx(1972) What Has Come Between Us
13%
The Mission(2017) All Systems Stable
10%
Man of Miracles(1974) A Man Like Me
10%
Styx II(1973) Earl of Roseland
10%
Brave New World(1999) Great Expectations
10%
The Mission(2017) Hundred Million Miles from Home
10%
Man of Miracles(1974) Lies
10%
The Mission(2017) Overture
10%
Styx(1972) Right Away
10%
Crash of the Crown(2021) Save Us from Ourselves
10%
Crash of the Crown(2021) The Fight of Our Lives
10%
The Mission(2017) The Greater Good
10%
The Mission(2017) The Outpost
10%
Styx(1972) After You Leave Me
6%
Man of Miracles(1974) Evil Eyes
6%
Styx II(1973) I'm Gonna Make You Feel It
6%
Crash of the Crown(2021) Stream
6%
The Mission(2017) Ten Thousand Ways
6%
Crash of the Crown(2021) To Those
6%
Styx II(1973) You Better Ask
6%
Crash of the Crown(2021) Another Farewell
3%
Crash of the Crown(2021) Coming Out the Other Side
3%
Crash of the Crown(2021) Common Ground
3%
Crash of the Crown(2021) Hold Back the Darkness
3%
Crash of the Crown(2021) Long Live the King
3%
Crash of the Crown(2021) Our Wonderful Lives
3%
No matching quizzes found
Score Distribution
Percent of People with Each Score
Percentile by Number Answered
Your Score History
You have not taken this quiz since the last reset